|
|
|
|
| LEADER |
00000cam a2200000 a 4500 |
| 001 |
vtls001476896 |
| 003 |
SK-MaSNL |
| 005 |
20260302073556.0 |
| 008 |
240318s2004 xo f 001 0 cze |
| 015 |
|
|
|a SNBA2004/09-05222
|
| 020 |
|
|
|a 8089115497
|q (brož.)
|
| 035 |
|
|
|a SNK000432196
|
| 035 |
|
|
|a urn:nbn:sk:snk-amjdop
|
| 035 |
|
|
|a urn:nbn:sk:snk-am003ecb
|
| 035 |
|
|
|a 3BE33362-B0F7-4027-8FA6-E14F7B296999
|
| 040 |
|
|
|a SNK
|b slo
|c SNK
|e AACR2
|
| 041 |
1 |
|
|a cze
|h eng
|
| 044 |
|
|
|a xo
|c SK
|
| 080 |
|
|
|a 159.322=162.3
|2 2001
|
| 080 |
|
|
|a 577.337
|2 2001
|
| 080 |
|
|
|a 24-582/-587
|2 2001
|
| 080 |
|
|
|a 165.322
|2 2001
|
| 080 |
|
|
|a 159.942
|2 2001
|
| 080 |
|
|
|a 17.02
|2 2001
|
| 080 |
|
|
|a 316.472.4
|2 2001
|
| 080 |
|
|
|a (0.062)
|2 2001
|
| 100 |
1 |
|
|a Rockwell, Irini
|4 aut
|9 738175
|
| 240 |
1 |
4 |
|a The five wisdom energies - A buddhist way of understanding personalities, emotions, and relationship
|l Česky
|
| 245 |
1 |
0 |
|a Pět energií moudrosti
|b cesta vedoucí k pochopení osobností, emocí a vztahů
|c Irini Rockwell ; [překlad: Marta Pilařová]
|
| 250 |
|
|
|a 1. vyd.
|
| 260 |
|
|
|a Bratislava
|b Eugenika
|c 2004
|
| 300 |
|
|
|a 231 s.
|c 21 cm
|
| 500 |
|
|
|a Ilustr. na tit. strane
|
| 500 |
|
|
|a Zozn.
|
| 504 |
|
|
|a Bibliogr. s. 226
|
| 650 |
0 |
7 |
|a sebapoznanie
|2 SNKPH
|9 4292
|
| 650 |
0 |
7 |
|a duchovné poznanie
|2 SNKPH
|9 3767
|
| 650 |
0 |
7 |
|a emócie
|2 SNKPH
|9 4049
|
| 650 |
0 |
7 |
|a životná harmónia
|2 SNKPH
|9 4976
|
| 650 |
0 |
7 |
|a interpersonálne vzťahy
|2 SNKPH
|9 3770
|
| 655 |
|
7 |
|a populárno-náučné publikácie
|2 SNKPH
|9 70460
|
| 700 |
1 |
|
|a Pilařová, Marta
|4 trl
|9 304859
|
| 919 |
|
|
|a 80-89115-49-7
|
| 958 |
|
|
|a OP
|
| 958 |
|
|
|a NS
|
| 958 |
|
|
|a CZ
|
| 999 |
|
|
|c 1161393
|d 1163323
|
| 952 |
|
|
|t P60, <03>, [BOOK], {603}
|a SNK
|b SNK
|y PREZ
|7 0
|p 17A0434376
|o snkSD 73955
|i snkKSP 8176/2004
|0 0
|1 0
|4 0
|d 2004-06-21
|l 0
|r 2025-11-21 00:00:00
|w 2026-02-24
|
| 952 |
|
|
|t P60, <04>, [BOOK], {604}
|a SNK
|b SNK
|y VYP
|7 0
|p 17A0434375
|o snkSD 73955 D1
|i snkKSP 8177/2004
|0 0
|1 0
|4 0
|d 2004-06-21
|f 1
|l 0
|r 2005-01-02 00:00:00
|w 2026-02-24
|